000 00293nam a2200121 4500
999 _c11731
_d11731
003 OSt
005 20230717192505.0
008 230717b ||||| |||| 00| 0 eng d
100 _aFrancisco Asensio Cerver
245 _aClassic furniture
260 _bPublishing department/Spain
942 _2ddc